| 000 | 00716nam a2200217Ia 4500 | ||
|---|---|---|---|
| 003 | GCL | ||
| 008 | 140319s9999 xx 000 0 ara d | ||
| 040 |
_aGCL / _cGCL |
||
| 082 | 0 | 4 |
_a291 _bع و |
| 100 | 1 | _aعصام الدين محمد على | |
| 245 | 1 | 0 |
_aوقفة بين اصحاب الديانات وانصار المذاهب / _cعصام الدين محمد على |
| 260 |
_aالقاهرة : _bمنشاة المعارف الاسلامية ، _c1989 |
||
| 300 |
_a276 ص ؛ _c24 سم |
||
| 490 | _a | ||
| 650 | 0 | 4 | _aالجنة |
| 650 | 0 | 4 | _aالديانات المقارنة |
| 650 | 0 | 4 | _aالديانات القديمة |
| 650 | 0 | 4 | _aالجن |
| 650 | 0 | 4 | _aالجنة والنار |
| 942 |
_2ddc _cBK |
||
| 999 |
_c32427 _d32427 |
||